书目信息 |
| 题名: |
护国运动史
|
|
| 作者: | 谢本书 编著 | |
| 分册: | ||
| 出版信息: | 贵阳 贵州人民出版社 1984 |
|
| 页数: | 431页 | |
| 开本: | 21cm | |
| 丛书名: | ||
| 单 册: | ||
| 中图分类: | K258.3 | |
| 科图分类: | ||
| 主题词: | 中国--历史--1840~1949 | |
| 电子资源: | ||
| ISBN: | ||
| 000 | 00643nam0 2200241 45 | |
| 001 | 0184012943 | |
| 005 | 20040505083132.6 | |
| 010 | @dCNY2.00 | |
| 091 | @a11115.61 | |
| 100 | @a19950622d1984 em y0chiy0121 ea | |
| 101 | 0 | @achi |
| 102 | @aCN@b520000 | |
| 105 | @af z 000yy | |
| 106 | @ar | |
| 200 | 10 | @a护国运动史@Ahu guo yun dong shi@f谢本书等编著 |
| 210 | @a贵阳@c贵州人民出版社@d1984 | |
| 215 | @a431页@c照片@d21cm | |
| 606 | 0 | @a中国@x历史@z1840~1949 |
| 690 | @aK258.3 | |
| 701 | 0 | @a谢本书@Axie ben shu@4编著 |
| 801 | 0 | @aCN@b上海图书馆@c20040505 |
| 801 | 2 | @aCN@bNLC@c20040505 |
| 905 | @f2@b216432-433@dK258.3@e49 | |
| 护国运动史/谢本书等编著.-贵阳:贵州人民出版社,1984 |
| 431页:照片;21cm |
| ISBN :CNY2.00 |
| ● |
| 相关链接 |
|
|
|
|
正题名:护国运动史
索取号:K258.3/49
 
预约/预借
| 序号 | 登录号 | 条形码 | 馆藏地/架位号 | 状态 | 备注 |
| 1 | 0216432 | 001294076 | 第二借阅区/ [索取号:K258.3/49] | 在馆 | |
| 2 | 0216433 | 001294067 | 密集书库/ [索取号:K258.3/49] | 在馆 | |
| 3 | 0216434 | 001294085 | 第二样本阅览室/ [索取号:K258.3/49] | 在馆 |